Liderzy zespołów muzycznych - Statystyki

Ogólne statystyki
  • Ten quiz został rozwiązany 339 razy
  • Średni wynik to 14 z 24
Statystyki odpowiedzi
Zespół Lata funkcjonowania Muzyk % Poprawnych
Queen 1970 - 1991 Freddie Mercury
90%
Bon Jovi 1983 - aktualnie Jon Bon Jovi
87%
Nirvana 1987 - 1991 Kurt Cobain
81%
Perfect 1980 - 1983, 1987, 1993 - aktualnie Grzegorz Markowski
77%
Dżem 1973 - 1994 Ryszard Riedel
77%
Kult 1982 - aktualnie Kazik Staszewski
76%
Guns N' Roses 1985 - aktualnie Axl Rose
75%
Wham! 1981 - 1986 George Michael
74%
U2 1976 - aktualnie Bono
70%
The Rolling Stones 1962 - aktualnie Mick Jagger
70%
Myslovitz 1992 - 2012 Artur Rojek
67%
The Police 1977 - 1985 Sting
67%
Republika 1981 - 1986, 1990 - 2001 Grzegorz Ciechowski
58%
The Doors 1965 - 1971 Jim Morrison
54%
Genesis 1970 - 1993, 2006 - aktualnie Phil Collins
51%
Matallica 1981 - aktualnie James Hetfield
49%
Aerosmith 1970 - aktualnie Steven Tyler
49%
No Doubt 1986 - aktualnie Gwen Stefani
44%
Led Zeppelin 1968 - 1980 Robert Plant
41%
Coldplay 1996 - aktualnie Chris Martin
37%
Dire Straits 1977 - 1995 Mark Knopfler
29%
Red Hot Chilli Peppers 1983 - aktualnie Anthony Kiedis
24%
Depeche Mode 1980 - aktualnie Dave Gahan
21%
INXS 1977 -1997 Michael Hutchence
12%
Nie znaleziono quizów pasujących do podanych kryteriów
Rozkład punktacji
Procent ludzi z każdym wynikiem
Percentyl według liczby udzielonych odpowiedzi
Twoja historia wyników
Nie rozwiązałeś tego quizu